000 00349nam a2200145Ia 4500
008 221030s9999 xx 000 0 und d
020 _a8187325178
041 _aEnglish
100 _aN. S. Gill
245 0 _aSoftware Engineeing
_cby N. S. Gill
260 _bKhanna Pub.
_aNew Delhi
_c2008
300 _a622
650 _aBB Computer
942 _cBK
999 _c18219
_d18219